|
|
|
|
| LEADER |
00000cam a2200000 7i4500 |
| 001 |
0000003093 |
| 005 |
20040519.0 |
| 020 |
0 |
0 |
|a 967891459X
|
| 090 |
0 |
0 |
|a 342.595068
|b MAL 2004
|
| 110 |
1 |
0 |
|a MALAYSIA
|
| 245 |
1 |
0 |
|a Perintah-perintah Am dan Arahan Pentadbiran :
|b (hingga 1hb Julai 2003)
|c disusun oleh Lembaga Penyelidikan Undang-Undang
|
| 260 |
0 |
0 |
|a Petaling Jaya, Selangor :
|b International Law Book Services ,
|c 2004
|
| 300 |
|
|
|a 758 p. ;
|c 24 cm.
|
| 440 |
0 |
0 |
|a Undang-undang Malaysia
|
| 650 |
0 |
0 |
|a Administrative agencies
|x Rules and practice
|z Malaysia
|
| 650 |
0 |
0 |
|a Administrative procedure
|z Malaysia
|
| 650 |
0 |
0 |
|a Civil service ethics
|z Malaysia
|
| 998 |
|
|
|a JPSM
|
| 999 |
|
|
|a 0000005514
|b Monograph
|c Open Shelf
|e Default branch
|